[Event "Sparkassen Chess Trophy 2024 A-Open"]
[Site "Dortmund"]
[Date "2024.08.14"]
[Round "5"]
[White "Zhuikov, Edgard"]
[Black "Tahashi-Knoche, Farzad"]
[Result "1-0"]
[WhiteElo "1923"]
[BlackElo "1960"]
[PlyCount "105"]
[EventDate "2024.08.10"]

1. e4 c5 2. d4 cxd4 3. c3 d3 4. c4 d6 5. Bxd3 Nf6 6. Nf3 Bg4 7. Nc3 Nc6 8. h3 Bh5 9. Be3 e5 10. g4 Bg6 11. Qb3 b6 12. O-O-O Be7 13. Qc2 O-O 14. g5 Nh5 15. Rdg1 Rc8 16. Nd2 Nb4 17. Qb1 a6 18. a3 Nc6 19. Qa2 Nf4 20. Bxf4 exf4 21. h4 Bh5 22. Be2 Bxe2 23. Nxe2 Ne5 24. Kb1 Nd3 25. Rh3 Ne5 26. Nxf4 b5 27. cxb5 axb5 28. Nd5 Qd7 29. Qb3 Bd8 30. Qe3 Kh8 31. f4 Nc4 32. Nxc4 Rxc4 33. Qd3 Rxe4 34. Qxe4 Qxh3 35. f5 Qh2 36. Re1 Qg3 37. Re2 Qg1+ 38. Ka2 Qa7 39. Qg2 Bb6 40. Re7 Qa8 41. Qe4 Bc5 42. b4 Bf2 43. h5 Bh4 44. f6 Bxg5 45. fxg7+ Kxg7 46. Qd4+ Kg8 47. Re2 Qd8 48. h6 f6 49. Rg2 Kf7 50. Qa7+ Ke6 51. Re2+ Kf5 52. Qxh7+ Kg4 53. Qe4+ 1-0

[Event "Sparkassen Chess Trophy 2024 A-Open"]
[Site "Dortmund"]
[Date "2024.08.14"]
[Round "5"]
[White "Erofeev, Anastasia"]
[Black "Lang, Nico"]
[Result "1-0"]
[WhiteElo "2030"]
[BlackElo "1939"]
[PlyCount "73"]
[EventDate "2024.08.10"]

1. d4 d5 2. c4 e6 3. Nf3 f5 4. g3 Nf6 5. Bg2 Nbd7 6. Qc2 Ne4 7. cxd5 exd5 8. Bf4 c6 9. O-O Be7 10. Ne5 g5 11. Nxd7 Bxd7 12. Be5 Bf6 13. Bxf6 Qxf6 14. e3 O-O-O 15. Nc3 Qe6 16. a4 h5 17. b4 h4 18. Bxe4 fxe4 19. b5 Rh6 20. bxc6 Bxc6 21. Qe2 g4 22. Ra2 Rf8 23. Qd1 Rf3 24. Qc1 Qf5 25. Rc2 Qh5 26. Nxd5 Qxd5 27. Rc5 Qd6 28. d5 hxg3 29. dxc6 gxh2+ 30. Kh1 bxc6 31. Rd1 Qe6 32. Qd2 Rf8 33. Qe2 Kb7 34. Qb2+ Ka8 35. Rb1 Qf7 36. Rf5 g3 37. Qb7+ 1-0

[Event "Sparkassen Chess Trophy 2024 A-Open"]
[Site "Dortmund"]
[Date "2024.08.14"]
[Round "5"]
[White "Canino, Ruelle"]
[Black "Thieu, Nguyen Gia Bao"]
[Result "1-0"]
[WhiteElo "1908"]
[BlackElo "1904"]
[PlyCount "57"]
[EventDate "2024.08.10"]

1. c4 e5 2. Nc3 Bb4 3. Nf3 Nc6 4. Nd5 a5 5. Nxb4 axb4 6. d4 e4 7. Nd2 f5 8. e3 Nf6 9. b3 O-O 10. Bb2 d5 11. Qc2 Ne7 12. a3 bxa3 13. Rxa3 Rxa3 14. Bxa3 Rf7 15. Be2 c6 16. O-O g5 17. cxd5 Nexd5 18. Nc4 f4 19. Nd6 Rg7 20. Nxe4 g4 21. exf4 Nxf4 22. Bc4+ N6d5 23. Re1 Bd7 24. Bd6 Rf7 25. Qd2 Ng6 26. Be5 Bc8 27. Bxd5 cxd5 28. Nf6+ Kg7 29. Nxg4+ 1-0

[Event "Sparkassen Chess Trophy 2024 A-Open"]
[Site "Dortmund"]
[Date "2024.08.14"]
[Round "5"]
[White "Riechenberg, Maximilian"]
[Black "Theisen, Johannes"]
[Result "1-0"]
[WhiteElo "1981"]
[BlackElo "1927"]
[PlyCount "97"]
[EventDate "2024.08.10"]

1. e4 c5 2. Nf3 d6 3. d4 cxd4 4. Nxd4 Nf6 5. Nc3 a6 6. Be3 e5 7. Nb3 Be7 8. f3 Be6 9. Qd2 h5 10. Nd5 Nxd5 11. exd5 Bf5 12. Be2 Nd7 13. Na5 Qc8 14. c4 Bd8 15. O-O O-O 16. Rac1 Bg6 17. b4 Bxa5 18. bxa5 Nc5 19. Qb4 f5 20. f4 e4 21. Rb1 Rb8 22. Qb6 Rd8 23. Bxc5 Qxc5+ 24. Qxc5 dxc5 25. Rb6 Be8 26. Rfb1 Rd7 27. Rxa6 Re7 28. Ra7 Kf8 29. a6 b6 30. Rxe7 Kxe7 31. a4 Bxa4 32. Bxh5 Bd7 33. Kf2 Kd8 34. Ke3 Kc7 35. Bg6 Ra8 36. Ra1 Kd6 37. a7 Kc7 38. g4 fxg4 39. Bxe4 Kb7 40. f5 Rxa7 41. Rxa7+ Kxa7 42. Kf4 Ka6 43. Ke5 Ka5 44. Kd6 Ba4 45. Kc7 Kb4 46. Bd3 b5 47. cxb5 c4 48. Bxc4 Kxc4 49. b6 1-0

[Event "Sparkassen Chess Trophy 2024 A-Open"]
[Site "Dortmund"]
[Date "2024.08.14"]
[Round "5"]
[White "Thompson, Ian D"]
[Black "Brieger, Sebastian"]
[Result "1/2-1/2"]
[WhiteElo "2003"]
[BlackElo "1946"]
[PlyCount "117"]
[EventDate "2024.08.10"]

1. c4 c6 2. Nf3 d5 3. d4 Nf6 4. g3 Bf5 5. Bg2 e6 6. Nc3 Bd6 7. O-O Nbd7 8. Nh4 Bg4 9. h3 Bh5 10. Qb3 Qb6 11. Qxb6 axb6 12. cxd5 Nxd5 13. g4 Bg6 14. f4 Nxc3 15. bxc3 Be7 16. Nxg6 hxg6 17. e4 Ba3 18. Bd2 O-O 19. Rfb1 Ra4 20. Bf1 Nf6 21. Rxb6 Nxe4 22. Be1 Nd6 23. Rab1 Rd8 24. Bf2 Ne4 25. Rxb7 Nxc3 26. Rb8 Rxb8 27. Rxb8+ Kh7 28. Rc8 Nd5 29. Rxc6 Nxf4 30. h4 Bb2 31. Rc7 Bxd4 32. Bxd4 Rxd4 33. Rxf7 Nd5 34. Be2 Ra4 35. h5 gxh5 36. gxh5 Rxa2 37. Bc4 Rd2 38. Rf8 Kh6 39. Re8 Kxh5 40. Rxe6 Nf4 41. Ra6 Kh4 42. Ra2 Rd1+ 43. Kf2 g5 44. Be2 Rh1 45. Bc4 g4 46. Ke3 Kg3 47. Ke4 Re1+ 48. Kf5 Re3 49. Rd2 Rf3 50. Ke4 Kh4 51. Bb5 Ng6 52. Bd7 Rf4+ 53. Ke3 g3 54. Rd6 Rf7 55. Rxg6 Rxd7 56. Kf3 Rd3+ 57. Kg2 Rd2+ 58. Kg1 Kh3 59. Rh6+ 1/2-1/2

[Event "Sparkassen Chess Trophy 2024 A-Open"]
[Site "Dortmund"]
[Date "2024.08.14"]
[Round "5"]
[White "Jess, Stefan"]
[Black "Weisskopf, Lutz"]
[Result "1-0"]
[WhiteElo "1920"]
[BlackElo "2026"]
[PlyCount "87"]
[EventDate "2024.08.10"]

1. e4 c5 2. Nf3 d6 3. d4 cxd4 4. Nxd4 Nf6 5. Nc3 g6 6. Be3 Bg7 7. f3 Nc6 8. Qd2 O-O 9. O-O-O d5 10. Kb1 e5 11. Nxc6 bxc6 12. exd5 cxd5 13. Nxd5 Nxd5 14. Qxd5 Qc7 15. Qc5 Qb7 16. Qb5 Qxb5 17. Bxb5 Rb8 18. Bc6 e4 19. b3 exf3 20. Bxf3 Bf5 21. g4 Be6 22. Bxa7 Rbc8 23. Bd4 f6 24. Rhe1 Rfe8 25. Rxe6 Rxe6 26. Bd5 Kf7 27. Re1 Rcc6 28. Rxe6 Rxe6 29. c4 Ke7 30. Bxe6 Kxe6 31. g5 Bf8 32. Bxf6 Bd6 33. h3 h6 34. Kc2 Kf5 35. Kd3 hxg5 36. Bd4 g4 37. hxg4+ Kxg4 38. Ke4 g5 39. c5 Bf4 40. c6 Kg3 41. Be5 Bxe5 42. Kxe5 g4 43. c7 Kf2 44. c8=Q 1-0

[Event "Sparkassen Chess Trophy 2024 A-Open"]
[Site "Dortmund"]
[Date "2024.08.14"]
[Round "5"]
[White "Thiemann, Marc"]
[Black "Sondermann, Dirk"]
[Result "1-0"]
[WhiteElo "1974"]
[BlackElo "1918"]
[PlyCount "73"]
[EventDate "2024.08.10"]

1. e4 e6 2. d4 d5 3. e5 c5 4. c3 Nc6 5. Nf3 Qb6 6. Bd3 Bd7 7. dxc5 Bxc5 8. O-O a5 9. Qe2 a4 10. Nbd2 Nge7 11. b4 axb3 12. Nxb3 Na5 13. Nbd4 Nac6 14. Rb1 Qa5 15. Nb3 Qa7 16. Nfd4 Bxd4 17. Nxd4 Nxd4 18. cxd4 Bc6 19. Rb3 Qxa2 20. Qxa2 Rxa2 21. Ba3 Kd7 22. g4 Rd2 23. Ra1 Ra8 24. Kf1 Rxd3 25. Rxd3 Bb5 26. Ke2 Nc6 27. Ke3 Bxd3 28. Kxd3 Ra4 29. Bb2 Rb4 30. Bc3 Rb5 31. f4 Kc7 32. Ra8 Nb8 33. Kc2 g6 34. Ba5+ b6 35. Ra7+ Kc6 36. Bc3 Nd7 37. g5 1-0

[Event "Sparkassen Chess Trophy 2024 A-Open"]
[Site "Dortmund"]
[Date "2024.08.14"]
[Round "5"]
[White "Stoll, Thomas"]
[Black "Van Amerongen-Jansen, Peggy"]
[Result "0-1"]
[WhiteElo "1978"]
[BlackElo "1931"]
[PlyCount "50"]
[EventDate "2024.08.10"]

1. e4 c6 2. d4 d5 3. e5 Bf5 4. h4 h5 5. c4 e6 6. Nc3 Ne7 7. Nge2 Bg6 8. Bg5 dxc4 9. Nf4 Qb6 10. Bxc4 Bf5 11. O-O Nd7 12. Nxh5 O-O-O 13. Re1 Qxb2 14. Rc1 Nb6 15. Bb3 Kb8 16. Ng3 Rd7 17. Bxe7 Bxe7 18. Nxf5 exf5 19. e6 fxe6 20. Bxe6 Rhd8 21. Bxf5 Bf6 22. Na4 Nxa4 23. Qxa4 Rxd4 24. Rc4 b5 25. Qa6 Rxc4 0-1

[Event "Sparkassen Chess Trophy 2024 A-Open"]
[Site "Dortmund"]
[Date "2024.08.14"]
[Round "5"]
[White "Oest, Thorsten"]
[Black "Lin, Yi"]
[Result "1/2-1/2"]
[WhiteElo "1977"]
[BlackElo "1950"]
[PlyCount "97"]
[EventDate "2024.08.10"]

1. e4 d6 2. d4 Nf6 3. Nc3 Nbd7 4. Nf3 e5 5. Bc4 Be7 6. O-O O-O 7. h3 c6 8. Bb3 Qc7 9. Bg5 exd4 10. Nxd4 Nc5 11. Nf5 Bxf5 12. exf5 d5 13. Re1 Rfe8 14. Qf3 Nfe4 15. Nxe4 Nxe4 16. Bf4 Bd6 17. Bxd6 Qxd6 18. c4 Nd2 19. Qd3 Qb4 20. Rxe8+ Rxe8 21. cxd5 Nxb3 22. Qxb3 Re1+ 23. Rxe1 Qxe1+ 24. Kh2 Qe5+ 25. Qg3 Qxg3+ 26. Kxg3 cxd5 27. Kf4 Kf8 28. Ke5 Ke7 29. Kxd5 Kd7 30. a4 h5 31. b4 Kc7 32. g4 hxg4 33. hxg4 Kd7 34. g5 Ke7 35. f4 Kd7 36. a5 a6 37. Ke5 Ke7 38. Ke4 Ke8 39. Kd5 Kd7 40. Kc5 Kc7 41. Kd5 Kd7 42. f6 gxf6 43. gxf6 Kc7 44. Kc5 Kd7 45. Kb6 Kc8 46. b5 axb5 47. Kxb5 Kd7 48. Kc5 Kc7 49. f5 1/2-1/2

[Event "Sparkassen Chess Trophy 2024 A-Open"]
[Site "Dortmund"]
[Date "2024.08.14"]
[Round "5"]
[White "Berresheim, Nils"]
[Black "Scholz, Benedict"]
[Result "1-0"]
[WhiteElo "1838"]
[BlackElo "1990"]
[PlyCount "65"]
[EventDate "2024.08.10"]

1. d4 Nf6 2. c4 g6 3. Nc3 Bg7 4. e4 d6 5. Be2 O-O 6. Be3 Na6 7. h4 h5 8. Qd2 c5 9. d5 Nc7 10. f3 a6 11. Nh3 b5 12. Nf2 Rb8 13. Bh6 bxc4 14. g4 Nb5 15. Bxg7 Kxg7 16. Nxb5 axb5 17. gxh5 Nxh5 18. f4 Rh8 19. f5 Qg8 20. Rg1 Qh7 21. fxg6 fxg6 22. e5 Bf5 23. Rg5 Qg8 24. O-O-O Qf7 25. Rdg1 Kf8 26. Bxh5 gxh5 27. exd6 Rb7 28. Qf4 Bc8 29. Qe5 Rh7 30. Qg3 Rh8 31. Rg7 Qxd5 32. dxe7+ Ke8 33. Qg6+ 1-0

[Event "Sparkassen Chess Trophy 2024 A-Open"]
[Site "Dortmund"]
[Date "2024.08.14"]
[Round "5"]
[White "Madera, Mateusz"]
[Black "Holzwarth, Felix"]
[Result "0-1"]
[WhiteElo "1921"]
[BlackElo "1991"]
[PlyCount "146"]
[EventDate "2024.08.10"]

1. e4 e5 2. Nf3 Nc6 3. Bc4 Bc5 4. O-O Nf6 5. d3 d6 6. c3 h6 7. h3 O-O 8. Re1 a5 9. Nbd2 a4 10. Bb5 Bd7 11. Nf1 Ne7 12. Bxd7 Nxd7 13. Be3 f5 14. Bxc5 Nxc5 15. exf5 Nxf5 16. d4 exd4 17. cxd4 Nd7 18. Rc1 Nh4 19. Nxh4 Qxh4 20. Rxc7 Qxf2+ 21. Kh1 Nf6 22. Ree7 Ne8 23. Rc1 Qxb2 24. Rb1 Qxa2 25. Rbxb7 Qf2 26. Ne3 Kh8 27. Qg4 Qf4 28. Rxg7 Qxg4 29. Rxg4 a3 30. Rb1 a2 31. Ra1 Rf2 32. d5 Re2 33. Nc4 Rb8 34. Rf4 Rb4 35. g3 Rb1+ 36. Rf1 Rc2 37. Rfxb1 axb1=Q+ 38. Rxb1 Rxc4 39. Rb8 Re4 40. Kg2 Kg7 41. Kf3 Re5 42. Rd8 Kf7 43. Rd7+ Kf6 44. Rd8 Ke7 45. Ra8 Rxd5 46. Kf4 Re5 47. g4 Kf6 48. h4 Ng7 49. Ra6 Ne6+ 50. Kf3 d5 51. Rd6 d4 52. Rd7 Re3+ 53. Kf2 Ke5 54. Rh7 Kf4 55. Rxh6 Kxg4 56. h5 Rf3+ 57. Ke1 Nf4 58. Rd6 d3 59. h6 Rh3 60. Kd2 Kg5 61. Rd4 Rxh6 62. Ke3 Kh5 63. Kd2 Kg4 64. Rd8 Rh2+ 65. Kd1 Kf3 66. Rf8 Ke3 67. Re8+ Kd4 68. Rf8 Ne6 69. Re8 Nc5 70. Rd8+ Ke3 71. Kc1 Rh1+ 72. Kb2 d2 73. Kc2 Rc1+ 0-1

[Event "Sparkassen Chess Trophy 2024 A-Open"]
[Site "Dortmund"]
[Date "2024.08.14"]
[Round "5"]
[White "Blomer, Moritz"]
[Black "Loheide, Michel"]
[Result "1/2-1/2"]
[WhiteElo "1939"]
[BlackElo "1975"]
[PlyCount "45"]
[EventDate "2024.08.10"]

1. d4 d5 2. Nf3 Nf6 3. g3 e6 4. Bg2 Bd6 5. b3 O-O 6. O-O b6 7. c4 Bb7 8. cxd5 exd5 9. Nc3 a6 10. e3 Nbd7 11. Bb2 Re8 12. Rc1 Rc8 13. Ne1 Ne4 14. Nc2 Ndf6 15. Nxe4 Nxe4 16. b4 Bc6 17. Na3 Bd7 18. f3 Nf6 19. Nc2 Ba4 20. Qd2 Qe7 21. Bh3 Rcd8 22. Rfe1 Bc6 23. Bf1 1/2-1/2

[Event "Sparkassen Chess Trophy 2024 A-Open"]
[Site "Dortmund"]
[Date "2024.08.14"]
[Round "5"]
[White "Kantor, Nikita"]
[Black "Lishoy Gengis Paratazham, Dildara"]
[Result "0-1"]
[WhiteElo "1971"]
[BlackElo "1962"]
[PlyCount "60"]
[EventDate "2024.08.10"]

1. e4 d6 2. d4 Nf6 3. Nc3 e5 4. Nf3 Nbd7 5. Rg1 g6 6. g4 exd4 7. Nxd4 Bg7 8. Be3 h6 9. Qe2 Nb6 10. f3 Qe7 11. O-O-O Bd7 12. Ndb5 Bxb5 13. Qxb5+ c6 14. Qd3 O-O-O 15. g5 hxg5 16. Rxg5 d5 17. e5 Nh7 18. Bh3+ Kb8 19. Rg4 Bxe5 20. f4 Bc7 21. Re1 Nf6 22. Bd2 Qd6 23. Rg3 Nc4 24. Ne2 Ne4 25. Bc3 Nxg3 26. Qxg3 Rhe8 27. b3 Qa3+ 28. Kb1 Re3 29. Qg5 Rxc3 30. bxc4 Rxh3 0-1

[Event "Sparkassen Chess Trophy 2024 A-Open"]
[Site "Dortmund"]
[Date "2024.08.14"]
[Round "5"]
[White "Harringer, Manfred"]
[Black "Mader, Fabian"]
[Result "1/2-1/2"]
[WhiteElo "1963"]
[BlackElo "2019"]
[PlyCount "149"]
[EventDate "2024.08.10"]

1. e4 c5 2. Nf3 Nc6 3. Bb5 Nf6 4. e5 Nd5 5. O-O a6 6. Bc4 Nb6 7. Bd3 g6 8. Re1 Bg7 9. c3 O-O 10. Bc2 d6 11. d4 cxd4 12. cxd4 Bg4 13. Bf4 dxe5 14. dxe5 Nd5 15. Qd2 Bxf3 16. gxf3 Nxf4 17. Qxf4 Qa5 18. Nc3 Bxe5 19. Qe4 Bg7 20. Rad1 Rad8 21. Bb3 e6 22. Kh1 Qh5 23. Qg4 Qa5 24. h4 Nd4 25. Bc4 Qb4 26. Bb3 Qb6 27. Re3 Nxb3 28. axb3 Bxc3 29. Rxd8 Rxd8 30. bxc3 Qxb3 31. Kg2 Qd5 32. Qb4 Rc8 33. Re4 Rc7 34. c4 Qd3 35. Qa4 Rd7 36. c5 Qd5 37. Qa5 f5 38. Re3 e5 39. Qc3 e4 40. fxe4 fxe4 41. Qb4 Qd4 42. Rxe4 Qxb4 43. Rxb4 Kf7 44. Kf3 Rc7 45. Ke4 Ke6 46. Rb6+ Kd7 47. Kd5 Kc8 48. Rf6 Rd7+ 49. Kc4 Re7 50. f4 Kd7 51. Kd5 Kc7 52. f5 gxf5 53. Rxf5 b6 54. Rf6 Rd7+ 55. Ke5 bxc5 56. Rxa6 Kb7 57. Rh6 c4 58. Rf6 c3 59. Rf1 c2 60. Rc1 Rd2 61. Ke4 Kc6 62. Ke3 Rh2 63. Kd3 Kd5 64. Rxc2 Rxh4 65. Ke3 Rg4 66. Kf3 Rg7 67. Re2 h5 68. Kf4 Kd4 69. Rd2+ Kc3 70. Rh2 Rf7+ 71. Kg5 Rg7+ 72. Kh6 Rg8 73. Rxh5 Rh8+ 74. Kg5 Rxh5+ 75. Kxh5 1/2-1/2

[Event "Sparkassen Chess Trophy 2024 A-Open"]
[Site "Dortmund"]
[Date "2024.08.14"]
[Round "5"]
[White "Gieseler, Felix"]
[Black "Linde, Wolfgang"]
[Result "1/2-1/2"]
[WhiteElo "1960"]
[BlackElo "2070"]
[PlyCount "48"]
[EventDate "2024.08.10"]

1. e4 e5 2. Nf3 Nc6 3. Bc4 Nf6 4. d3 Be7 5. Nc3 d6 6. a3 O-O 7. Nd5 Nxd5 8. Bxd5 Bf6 9. O-O Ne7 10. Ba2 Ng6 11. c3 Bg4 12. h3 Bxf3 13. Qxf3 Bg5 14. Qg4 Bxc1 15. Raxc1 Nf4 16. d4 h5 17. Qf3 Qh4 18. Rc2 Rae8 19. Re1 g6 20. Qg3 Qf6 21. Kh2 Kg7 22. Qf3 Qh4 23. Qg3 Qf6 24. Qf3 Qh4 1/2-1/2

[Event "Sparkassen Chess Trophy 2024 A-Open"]
[Site "Dortmund"]
[Date "2024.08.14"]
[Round "5"]
[White "Bungarten, Jona"]
[Black "Ruhmann, Gabriel"]
[Result "1-0"]
[WhiteElo "2073"]
[BlackElo "1847"]
[PlyCount "113"]
[EventDate "2024.08.10"]

1. e4 c6 2. d4 d5 3. exd5 cxd5 4. c4 Nf6 5. Nc3 Nc6 6. Bg5 dxc4 7. Bxc4 e6 8. d5 exd5 9. Nxd5 Be7 10. Nxe7 Qxe7+ 11. Qe2 Qxe2+ 12. Nxe2 Ne4 13. Be3 O-O 14. O-O-O Ne5 15. Bd5 Bf5 16. Rd4 Rac8+ 17. Kd1 Nf6 18. Nc3 Nd3 19. Bxb7 Nxb2+ 20. Kc1 Rxc3+ 21. Kxb2 Rc2+ 22. Ka1 Ng4 23. Rhd1 Nxe3 24. fxe3 g6 25. e4 Be6 26. R1d2 Rc1+ 27. Kb2 Rc7 28. Bd5 Rb8+ 29. Bb3 Kg7 30. R2d3 Re7 31. Kc3 Rbe8 32. Bd5 Rc7+ 33. Kb4 Rb8+ 34. Ka5 Bc8 35. Rc4 Rxc4 36. Bxc4 Rb2 37. Rg3 h5 38. h4 Bb7 39. e5 Rxg2 40. Rxg2 Bxg2 41. Ka6 f5 42. exf6+ Kxf6 43. Kxa7 Be4 44. Be2 Bc2 45. Kb6 Kf5 46. Kc5 Kf4 47. Kd4 Kg3 48. Bd3 Kxh4 49. Bxc2 g5 50. a4 g4 51. a5 g3 52. Be4 Kg4 53. a6 h4 54. a7 h3 55. a8=Q g2 56. Bxg2 hxg2 57. Qxg2+ 1-0

[Event "Sparkassen Chess Trophy 2024 A-Open"]
[Site "Dortmund"]
[Date "2024.08.14"]
[Round "5"]
[White "Sprenger de la Iglesia, Yevgeni"]
[Black "Rodriguez, Augustin"]
[Result "1/2-1/2"]
[WhiteElo "1973"]
[BlackElo "2079"]
[PlyCount "59"]
[EventDate "2024.08.10"]

1. d4 d5 2. c4 e6 3. Nf3 Nf6 4. g3 Be7 5. Bg2 O-O 6. O-O c6 7. Qc2 b6 8. Nbd2 Bb7 9. e4 c5 10. cxd5 exd5 11. e5 Ne8 12. Re1 Nc7 13. b3 Nc6 14. Bb2 Ne6 15. dxc5 bxc5 16. Rad1 Qb6 17. Nf1 Rac8 18. Ne3 Nb4 19. Qb1 c4 20. bxc4 dxc4 21. Bc3 Nd3 22. Re2 Qa6 23. Nd2 Bxg2 24. Kxg2 Nef4+ 25. gxf4 Nxf4+ 26. Kf3 Qh6 27. Qf5 g5 28. Ree1 Rcd8 29. Ne4 Ng6 30. Ke2 1/2-1/2

[Event "Sparkassen Chess Trophy 2024 A-Open"]
[Site "Dortmund"]
[Date "2024.08.14"]
[Round "5"]
[White "Metzdorf, Matteo"]
[Black "Prueske, Wolfgang"]
[Result "1-0"]
[WhiteElo "2098"]
[BlackElo "1970"]
[PlyCount "99"]
[EventDate "2024.08.10"]

1. e4 c6 2. Nc3 d5 3. Nf3 dxe4 4. Nxe4 Nf6 5. Qe2 Nxe4 6. Qxe4 Nd7 7. Bc4 Nf6 8. Ne5 e6 9. Qe2 b5 10. Bd3 Qc7 11. b3 Bd6 12. Bb2 O-O 13. O-O Nd5 14. f4 Nb4 15. Be4 f5 16. Bf3 Nd5 17. g3 Qb6+ 18. Kh1 Rd8 19. Rac1 b4 20. Rfe1 a5 21. c4 bxc3 22. dxc3 Bxe5 23. Qxe5 Qf2 24. Qe2 Qxe2 25. Rxe2 a4 26. c4 a3 27. Be5 Ne7 28. Kg2 Kf7 29. Bc3 Rd3 30. Bb4 Ra6 31. Rec2 Bb7 32. Bc5 Ra8 33. Be2 Rd7 34. Rd1 Rxd1 35. Bxd1 Ng8 36. Bf3 Nf6 37. Rd2 Ke8 38. Rd6 Kf7 39. Bxc6 Bxc6+ 40. Rxc6 Ne4 41. Rc7+ Kg6 42. Ra7 Rd8 43. Be3 Rd3 44. Kf3 Nc3 45. Rxa3 e5 46. fxe5 Kh5 47. b4 g5 48. Rb3 f4 49. gxf4 gxf4 50. Kxf4 1-0

[Event "Sparkassen Chess Trophy 2024 A-Open"]
[Site "Dortmund"]
[Date "2024.08.14"]
[Round "5"]
[White "Buchinger, Alexis"]
[Black "Lettko, Michael"]
[Result "0-1"]
[WhiteElo "1991"]
[BlackElo "1937"]
[PlyCount "134"]
[EventDate "2024.08.10"]

1. e4 c6 2. Nc3 d5 3. Nf3 Bg4 4. h3 Bxf3 5. Qxf3 e6 6. Be2 Bc5 7. d3 Ne7 8. Qg3 Ng6 9. O-O h5 10. Kh1 h4 11. Qg4 Nd7 12. Bg5 Qa5 13. exd5 cxd5 14. d4 f5 15. Qf3 Bxd4 16. b4 Nde5 17. bxa5 Nxf3 18. Bxf3 Bxc3 19. Rab1 Rb8 20. a6 b6 21. Rb3 Rc8 22. Rd1 Bf6 23. Bxf6 gxf6 24. a4 Ke7 25. a5 Rb8 26. axb6 Rxb6 27. Rxb6 axb6 28. Rb1 Rc8 29. Bd1 Rb8 30. Be2 Ne5 31. Bb5 Kd6 32. g3 Nf3 33. c3 Nd2 34. a7 Ra8 35. Ra1 hxg3 36. fxg3 Ne4 37. h4 Nxg3+ 38. Kh2 f4 39. Be8 Nf5 40. h5 e5 41. Kh3 Nh6 42. Ra6 Kc7 43. Ra4 Kb7 44. Bd7 Rxa7 45. Bc6+ Kb8 46. Rxa7 Kxa7 47. Bxd5 Kb8 48. Kg2 Kc7 49. Kf3 Kd6 50. Bc4 Kc5 51. Bb3 Kd6 52. Bc4 f5 53. Bb3 Ke7 54. Ba4 Kf6 55. Be8 Kg5 56. c4 Ng8 57. Bd7 e4+ 58. Kf2 Nf6 59. h6 Ng4+ 60. Ke2 Nxh6 61. c5 bxc5 62. Be6 Kf6 63. Bc4 Ke5 64. Ba2 Kd4 65. Bb1 Ng4 66. Bc2 f3+ 67. Kf1 Ne3+ 0-1

[Event "Sparkassen Chess Trophy 2024 A-Open"]
[Site "Dortmund"]
[Date "2024.08.14"]
[Round "5"]
[White "Brunetti, Alberto Fakhri"]
[Black "Udelnov, Valentin"]
[Result "0-1"]
[WhiteElo "1942"]
[BlackElo "2037"]
[PlyCount "78"]
[EventDate "2024.08.10"]

1. d4 Nf6 2. c4 g6 3. Nf3 Bg7 4. g3 c5 5. Bg2 Qa5+ 6. Qd2 Nc6 7. Qxa5 Nxa5 8. Nbd2 d6 9. O-O Rb8 10. e3 Bd7 11. b3 b5 12. Ba3 bxc4 13. bxc4 Rc8 14. Rac1 O-O 15. Rfe1 Rfe8 16. Bf1 e5 17. dxe5 dxe5 18. e4 Bf8 19. Nb1 Nc6 20. Nc3 Nd4 21. Nxd4 exd4 22. Nd5 Rc6 23. e5 Ng4 24. Bh3 Rxe5 25. f3 Rxe1+ 26. Rxe1 Ne5 27. Rxe5 Bxh3 28. g4 Ra6 29. Bc1 Rxa2 30. Nf6+ Kg7 31. Ne8+ Kh8 32. Bg5 Rg2+ 33. Kh1 Rf2 34. Bf6+ Kg8 35. Re1 Rxf3 36. Be5 Be7 37. Kg1 f6 38. Bb8 d3 39. Nc7 d2 0-1

[Event "Sparkassen Chess Trophy 2024 A-Open"]
[Site "Dortmund"]
[Date "2024.08.14"]
[Round "5"]
[White "Wezel, Sebastian"]
[Black "Sheng, Ming"]
[Result "1-0"]
[WhiteElo "1939"]
[BlackElo "2035"]
[PlyCount "61"]
[EventDate "2024.08.10"]

1. e4 c6 2. d4 d5 3. exd5 cxd5 4. c4 Nf6 5. Nc3 e6 6. Nf3 Be7 7. cxd5 Nxd5 8. Bd3 Nc6 9. O-O O-O 10. Re1 Bf6 11. a3 g6 12. Be4 Nce7 13. Qd3 Nf5 14. g4 Nxc3 15. bxc3 Nd6 16. Bh6 Re8 17. g5 Bg7 18. Bxg7 Kxg7 19. Qd2 Nxe4 20. Rxe4 b6 21. Ne5 Bb7 22. Rh4 Rb8 23. Qf4 f5 24. gxf6+ Qxf6 25. Qh6+ Kg8 26. Rf4 Qe7 27. Rf7 Qxf7 28. Nxf7 Kxf7 29. Qf4+ Kg8 30. Qc7 Bf3 31. Re1 {Erfassung abgebrochen - unleserlich} 1-0

[Event "Sparkassen Chess Trophy 2024 A-Open"]
[Site "Dortmund"]
[Date "2024.08.14"]
[Round "5"]
[White "Riechenberg, Sebastian"]
[Black "Vollbehr, Bjarne"]
[Result "0-1"]
[WhiteElo "1951"]
[BlackElo "2019"]
[PlyCount "80"]
[EventDate "2024.08.10"]

1. e4 e5 2. Nf3 Nc6 3. Bb5 a6 4. Ba4 Nf6 5. O-O b5 6. Bb3 Bc5 7. a4 Bb7 8. d3 d6 9. Nc3 b4 10. Ne2 h6 11. Ng3 O-O 12. Be3 Bxe3 13. fxe3 Na5 14. Ba2 c5 15. Nd2 d5 16. Nh5 Ne8 17. Qf3 c4 18. exd5 Bxd5 19. e4 Be6 20. Nxc4 Nxc4 21. dxc4 Qd4+ 22. Kh1 Qxb2 23. Bb3 Qc3 24. Qxc3 bxc3 25. Rad1 Bg4 26. Ng3 Bxd1 27. Rxd1 Nf6 28. Kg1 Rfd8 29. Re1 g6 30. Kf2 Nd7 31. Re3 Nc5 32. Rxc3 Rd2+ 33. Kf3 Rad8 34. Nf1 Nxb3 35. Nxd2 Nxd2+ 36. Ke3 Rd4 37. c5 Nxe4 38. Rb3 Nxc5 39. Rb8+ Kg7 40. a5 Ra4 0-1

[Event "Sparkassen Chess Trophy 2024 A-Open"]
[Site "Dortmund"]
[Date "2024.08.14"]
[Round "5"]
[White "Sommer, Justus"]
[Black "Heinzel, Thomas"]
[Result "1-0"]
[WhiteElo "2075"]
[BlackElo "1866"]
[PlyCount "61"]
[EventDate "2024.08.10"]

1. e4 c5 2. Nf3 e6 3. d4 cxd4 4. Nxd4 a6 5. Bd3 Qc7 6. O-O Nf6 7. Qe2 d6 8. c4 b6 9. Nc3 Be7 10. Be3 Bb7 11. Rac1 Nbd7 12. f3 O-O 13. Rfd1 Rac8 14. b3 Rfe8 15. Qf2 Qb8 16. Bf1 Bd8 17. Nde2 Bc7 18. g3 Ba8 19. Nf4 h5 20. Ng2 Ne5 21. Be2 Bc6 22. a4 Qb7 23. Nf4 g5 24. Nd3 Nxd3 25. Rxd3 g4 26. fxg4 Nxe4 27. Nxe4 Bxe4 28. Rf1 f5 29. gxf5 Bxd3 30. f6 Rf8 31. f7+ 1-0

[Event "Sparkassen Chess Trophy 2024 A-Open"]
[Site "Dortmund"]
[Date "2024.08.14"]
[Round "5"]
[White "Goldinov, Daniel"]
[Black "Meuer, David"]
[Result "1/2-1/2"]
[WhiteElo "1989"]
[BlackElo "2087"]
[PlyCount "64"]
[EventDate "2024.08.10"]

1. e4 e6 2. d4 d5 3. Bd3 dxe4 4. Bxe4 Nf6 5. Bf3 c5 6. Ne2 Nc6 7. Be3 cxd4 8. Nxd4 Ne5 9. Nc3 a6 10. Qe2 Nxf3+ 11. Qxf3 e5 12. Nf5 Qa5 13. Ng3 Bb4 14. Bd2 O-O 15. O-O Bg4 16. Qe3 Rad8 17. a3 Be7 18. h3 Be6 19. Rad1 Qc7 20. Rfe1 Bd6 21. Qf3 Qc6 22. Qxc6 bxc6 23. Nce4 Nxe4 24. Nxe4 Be7 25. Bb4 Rxd1 26. Rxd1 Rd8 27. Rxd8+ Bxd8 28. Bd6 f6 29. Nc5 Bc8 30. f3 Bb6 31. Kf1 Bxc5 32. Bxc5 Kf7 1/2-1/2

[Event "Sparkassen Chess Trophy 2024 A-Open"]
[Site "Dortmund"]
[Date "2024.08.14"]
[Round "5"]
[White "Zwirs, Jasper"]
[Black "Stoll, Lucia"]
[Result "1-0"]
[WhiteElo "2088"]
[BlackElo "1984"]
[PlyCount "59"]
[EventDate "2024.08.10"]

1. d4 Nf6 2. Nc3 d5 3. Bf4 a6 4. e3 e6 5. g4 Bb4 6. Bg2 c5 7. f3 Nc6 8. Nge2 Bxc3+ 9. bxc3 cxd4 10. cxd4 Na5 11. O-O Bd7 12. Nc1 b6 13. a4 Nc4 14. Nd3 O-O 15. Qe2 Ne8 16. e4 Ned6 17. e5 Nb7 18. Bg3 Qe8 19. f4 Bxa4 20. f5 Bb5 21. f6 g6 22. Bf4 Nb2 23. Qf3 Nxd3 24. cxd3 Kh8 25. Qh3 Rg8 26. Bg5 Qf8 27. Rf3 h5 28. gxh5 Kh7 29. hxg6+ Kxg6 30. Rg3 1-0

[Event "Sparkassen Chess Trophy 2024 A-Open"]
[Site "Dortmund"]
[Date "2024.08.14"]
[Round "5"]
[White "Zimmermann, Luc"]
[Black "Schloesser, Alexander"]
[Result "1/2-1/2"]
[WhiteElo "2095"]
[BlackElo "1975"]
[PlyCount "23"]
[EventDate "2024.08.10"]

1. e4 c5 2. c3 d5 3. exd5 Qxd5 4. d4 Nc6 5. Nf3 Bg4 6. Nbd2 cxd4 7. cxd4 e6 8. Be2 Nf6 9. Qa4 Bb4 10. a3 Bxd2+ 11. Bxd2 O-O 12. Be3 1/2-1/2